| 000 | 01333nam0a22002891 4500 | ||
|---|---|---|---|
| 001 | v19\rc\1882959 | ||
| 005 | 20260405182621.0 | ||
| 035 | _a(NLR Aleph) 005260374 | ||
| 090 |
_a5895581 _c5895581 |
||
| 100 | _a20080221d1910 |||y0rusy50 ca | ||
| 101 | 0 | _arus | |
| 102 | _aRU | ||
| 105 | _aa z ||||| | ||
| 200 | 1 |
_aОперация образования искусственного влагалища из прямой кишки _fД-р Д.Д. Попов, прив.-доц. Воен.-мед. акад., зав. акуш.-гинекол. отд-ния Николаев. воен. госпиталя |
|
| 210 |
_aСанкт-Петербург _cтип. Штаба Отд. корп. жандармов _d1910 |
||
| 215 |
_a15 с., 2 л. ил. _d27 |
||
| 300 | _aНапеч. также в: "Русский врач", 1910, № 43, с. 1512 | ||
| 316 |
_aЭкз. РНБ (65-7/970): с автогр. авт. _5NLR: 65-7/970 |
||
| 320 | _aБиблиогр.: с. 14 | ||
| 700 | 1 |
_8rus _7ca _aПопов _bД. Д. _cд-р медицины _f1862- _gДмитрий Дмитриевич _3RU\NLR\AUTH\7779315 _962243 |
|
| 801 | 0 |
_aRU _bNLR _c20080221 _gpsbo |
|
| 801 | 0 |
_aRU _bRuMoRGB _c20080221 _2psbo |
|
| 801 | 1 |
_aRU _bProSoft-M _c20080221 _2rusmarc |
|
| 801 | 2 |
_aRU _bNLR _c20120403 _2rusmarc |
|
| 852 |
_aNLR _j65-7/970 |
||
| 942 | _cBOOK | ||
| 980 | _aNB | ||